00775nam a22001577a 450000500170000000800410001704000270005804100080008504400070009324501340010026001170023430000570035165000490040865000790045771000810053620200104041751.0161116nxx ck a|||g |||| 0| anspa d aCO-BoIAVH cCO-BoIAVH 0 aspa ack00aPlan estratégico para la diversidad biológica 2011-2020 y las metas de Aichi : b"Viviendo en armonía con la naturaleza" /  a[Bogotá?], Colombia : bInstituto de Investigación de Recursos Biológicos Alexander von Humboldt,c[s.f.]. a1 plegable : bilustraciones a color ; c15 x 15 cm.26aBiodiversidadxplanes de accióny2011-202026aConservación de la diversidad biológicaxplanes de accióny2011-20202 aInstituto de Investigación de Recursos Biológicos Alexander von Humboldt